000 00601nam a22001817a 4500
005 20260420121908.0
008 260420b |||||||| |||| 00| 0 eng d
020 _a 9780415521802
050 _a RT81.5
_b.R67 2016
245 _a The Routledge international handbook of advanced quantitative methods in nursing research /
260 _a London ;
_bNew York :
_c2016.
300 _a xxvi, 437 pages :
_c 26 cm
500 _aIncludes bibliographical references and index.
650 _a Nursing Research
_xmethods.
650 _aResearch Design.
700 _a Henly, Susan J.
942 _2lcc
_cBK
999 _c60381
_d60381